Lo que hace a Grecia

Guardat en:
Dades bibliogràfiques
Autor principal: Castoriadis, Cornelius (Autor)
Format: Llibre
Idioma:espanyol
Publicat: Buenos Aires Fondo de Cultura Económica de Argentina 2006
Col·lecció:Sección de Obras de Filosofía
Matèries:
Etiquetes: Afegir etiqueta
Sense etiquetes, Sigues el primer a etiquetar aquest registre!

MARC

LEADER 00000cam a2200000 a 4500
001 UCJ9729
003 CL-VaPUC
005 20210728001555.0
008 070405e20060000AG |||||||||||||||||spa|d
999 |c 325140  |d 325138 
020 |a 9505576757 
040 |c Pontificia Universidad Católica de Valparaíso 
082 0 4 |a 184 CAS 2006  |2 21 
100 0 |a Castoriadis, Cornelius  |e author  |9 519776 
245 1 3 |a Lo que hace a Grecia 
246 1 0 |a Seminarios 1982-1983. La creación humana II 
260 |a Buenos Aires  |b Fondo de Cultura Económica de Argentina  |c 2006 
300 |a volúmenes 
490 0 |a Sección de Obras de Filosofía 
500 |a v.1: De Homero a Heráclito 
583 |a last modification  |c 20130430 05:57:03  |k Rodrigo Vera 
650 0 |a Filosofía griega  |9 265579 
650 0 |a Filosofía antigua   |9 255705 
650 0 |a Historia de la filosofía  |9 256920 
650 7 |a FILOSOFIA POLITICA  |2 CL-VaPUC  |9 519777 
942 |c BK  |2 ddc 
945 |d 20070405 00:00:00  |a cmena 
952 |0 0  |1 0  |2 ddc  |4 0  |6 184_000000000000000_CAS_2006  |7 0  |8 A  |9 405737  |a FDOPOS  |b FDOPOS  |d 2019-11-22  |h v.1  |i 4327772  |o 184 CAS 2006  |p 4327772  |r 2019-11-22  |t 2  |w 2019-11-22  |y BK  |k MLH 
952 |0 0  |1 0  |2 ddc  |4 0  |6 184_000000000000000_CAS_2006  |7 0  |8 A  |9 405738  |a BIBHIS  |b BIBHIS  |d 2019-11-22  |h v.1  |i 4969790  |o 184 CAS 2006  |p 4969790  |r 2025-01-20  |t 1  |w 2019-11-22  |y BK  |k HIS 
952 |0 0  |1 0  |2 ddc  |3 erb  |4 0  |6 184_000000000000000_CAS_2006  |7 0  |8 A  |9 405739  |a BIBEDU  |b FDOPOS  |d 2019-11-22  |h v.1  |i 501915K  |l 2  |o 184 CAS 2006  |p 501915K  |r 2025-01-22  |s 2022-12-09  |t 3  |w 2019-11-22  |y BK  |z Catalogado en:20131018  |k PSI